Il Padre San pio da pietralcina

সংরক্ষণ করুন:
গ্রন্থ-পঞ্জীর বিবরন
প্রধান লেখক: P.Marce3llino Iasenzaniro
বিন্যাস: গ্রন্থ
ভাষা:অজানা বা ভুল ভাষা
প্রকাশিত: Padrepio Da Petralcina
ট্যাগগুলো: ট্যাগ যুক্ত করুন
কোনো ট্যাগ নেই, প্রথমজন হিসাবে ট্যাগ করুন!

MARC

LEADER 00000nam a2200000Ia 4500
001 R-964
003 CODICE-MESSINA
005 20260212102500.0
008 260211s9999 xx 000 0 und d
040 |c importazione_messina 
100 |a P.Marce3llino Iasenzaniro 
245 0 |a Il Padre  
245 0 |b San pio da pietralcina 
260 |b Padrepio Da Petralcina 
942 |2 ddc  |c BK 
952 |0 0  |1 0  |2 ddc  |4 0  |6 SCAFFALE_1_000000000000000__RELIGIONE  |7 0  |9 31792  |a ME  |b ME  |d 2026-02-11  |l 0  |o SCAFFALE 1 - RELIGIONE  |p R-964  |r 2026-02-11 23:52:46  |w 2026-02-11  |x [REVISIONARE]  |y BK 
999 |c 27457  |d 27457